| 000 | 01018pam a2200325 a 4500 | ||
|---|---|---|---|
| 001 | 121574 | ||
| 005 | 20230410115533.0 | ||
| 008 | 820802s1983 nyu b 001 0 eng | ||
| 010 | _a82070855 | ||
| 020 | _a046506874X | ||
| 040 |
_aDLC _cDLC _dDLC |
||
| 050 | 1 | 4 |
_aHD8038 _b.S371 1983 |
| 082 | 0 | 0 |
_a153.4 _219 |
| 100 | 1 | _aSchon, Donald A. | |
| 245 | 1 | 4 |
_aThe reflective practitioner : _bhow professionals think in action / _cDonald A. Schon. |
| 260 |
_aNew York : _bBasic Books, _cc1983. |
||
| 300 |
_ax, 374 p. ; _c22 cm. |
||
| 504 | _aIncluye referencias bibliográficas e indice. | ||
| 650 | 0 | _aProfessions. | |
| 650 | 0 | _aThought and thinking. | |
| 650 | 0 | _aSelf-knowledge, Theory of. | |
| 650 | 4 | _aCRV | |
| 650 | 4 | _aColección René Villarreal. | |
| 650 | 4 | _aProfesiones. | |
| 650 | 4 | _aPensamiento y el pensamiento. | |
| 650 | 4 | _aAutoconocimiento, Teoría. | |
| 856 | 4 | 2 |
_3Publisher description _uhttp://www.loc.gov/catdir/enhancements/fy0832/82070855-d.html |
| 942 |
_2lcc _cbk |
||
| 946 | _almd | ||
| 999 |
_c43173 _d43173 |
||